[Event "Klatovy op-B 23rd"]
[Site "Klatovy"]
[Date "2017.07.07"]
[Round "7"]
[White "Rychtecky, Pavel"]
[Black "Kovarova, Oxana"]
[Result "1/2-1/2"]
[WhiteElo "1643"]
[BlackElo "1740"]
[PlyCount "57"]
[EventDate "2017.07.01"]
[EventType "swiss"]
[EventRounds "9"]
[EventCountry "CZE"]
[SourceTitle "EXT 2018"]
[Source "ChessBase"]
[SourceDate "2017.10.13"]
[SourceVersion "1"]
[SourceVersionDate "2017.10.13"]
[SourceQuality "1"]

1. e4 e5 2. Nf3 Nc6 3. Bb5 f5 4. Nc3 Nf6 5. Qe2 d6 6. d4 a6 7. Bxc6+ bxc6 8. dxe5 Nxe4 9. Nxe4 fxe4 10. Qxe4 d5 11. Qd3 Be7 12. 0-0 0-0 13. Nd4 Qe8 14. f4 a5 15. Rf2 c5 16. Nf3 Qc6 17. c3 Bf5 18. Qe2 a4 19. Be3 Qb7 20. Rd1 h6 21. h3 Ra6 22. g4 Be4 23. Rd2 Rg6 24. Kh2 Rb6 25. Kg3 Qc6 26. h4 Qe8 27. Qd1 Qb5 28. Qc1 Qd7 29. h5 1/2-1/2

[Event "CZE-chT 1617"]
[Site "Czech Republic"]
[Date "2017.04.02"]
[Round "11.5"]
[White "Kovarova, Oxana"]
[Black "Rogozenco, Dorian"]
[Result "0-1"]
[WhiteElo "1746"]
[BlackElo "2483"]
[PlyCount "48"]
[EventDate "2016.10.08"]
[EventType "team-tourn"]
[EventRounds "11"]
[EventCountry "CZE"]
[SourceTitle "CBM 177 Extra"]
[Source "ChessBase"]
[SourceDate "2017.04.27"]
[SourceVersion "1"]
[SourceVersionDate "2017.04.27"]
[SourceQuality "1"]
[WhiteTeam "Unichess"]
[BlackTeam "Lysa nad Labem"]
[WhiteTeamCountry "CZE"]
[BlackTeamCountry "CZE"]

1. e4 c5 2. Nc3 Nc6 3. Bc4 e6 4. f4 a6 5. a4 Nf6 6. d3 d5 7. Ba2 dxe4 8. Nxe4 Nxe4 9. dxe4 Qxd1+ 10. Kxd1 b5 11. Ne2 Bb7 12. Bb1 0-0-0+ 13. Bd2 Na5 14. Kc1 Nc4 15. Rd1 Bxe4 16. axb5 axb5 17. Nc3 Bxg2 18. Nxb5 Be7 19. Ba2 Nxd2 20. Rxd2 Bb7 21. Bc4 Kb8 22. Bf1 g5 23. Ra7 Rxd2 24. Kxd2 Rd8+ 0-1

[Event "Klatovy op-B 22nd"]
[Site "Klatovy"]
[Date "2016.07.10"]
[Round "9"]
[White "Soukup, Jiri1111"]
[Black "Kovarova, Oxana"]
[Result "1-0"]
[WhiteElo "1591"]
[BlackElo "1759"]
[PlyCount "127"]
[EventDate "2016.07.02"]
[EventType "swiss"]
[EventRounds "9"]
[EventCountry "CZE"]
[SourceTitle "EXT 2019"]
[Source "ChessBase"]
[SourceDate "2018.10.10"]
[SourceVersion "1"]
[SourceVersionDate "2018.10.10"]
[SourceQuality "1"]

1. e4 e5 2. Nf3 Nc6 3. Bc4 Nf6 4. Ng5 d5 5. exd5 Na5 6. Bb5+ c6 7. dxc6 bxc6 8. Be2 Bf5 9. d3 Qb6 10. Nc3 Rd8 11. 0-0 h6 12. Nf3 e4 13. Ne1 Bd6 14. h3 Bb8 15. Bd2 Qc7 16. f4 Nc4 17. dxc4 e3 18. Bd3 Bxd3 19. Nxd3 exd2 20. Qe2+ Kf8 21. Qxd2 Kg8 22. Qf2 Kh7 23. g4 Qd7 24. Ne5 Qe6 25. Rae1 Nd7 26. Nxd7 Qxd7 27. Qc5 a6 28. Kh1 Rhf8 29. Re7 Qd4 30. Qxc6 Bxf4 31. Qxa6 Qd2 32. Re2 Qd7 33. Rxf4 Rb8 34. b3 Qc7 35. Nd5 Qd8 36. Qc6 Rc8 37. Qb7 Qh4 38. Kg2 Rb8 39. Qe7 f6 40. Qe4+ Kh8 41. Ne7 Qg5 42. Ng6+ Kg8 43. Nxf8 Kxf8 44. Qf5 Qh4 45. Qh5 Qxh5 46. gxh5 Ra8 47. a4 Ra5 48. Rh4 Kf7 49. Kf3 Rf5+ 50. Ke4 Rg5 51. Kf4 Ra5 52. Rd2 Rg5 53. Rd5 Rg2 54. c3 Ke6 55. Kf3 Re2 56. Re4+ Kf7 57. Re3 Kg8 58. c5 Kh7 59. c6 f5 60. c7 f4 61. Kxf4 Rh2 62. c8Q Rf2+ 63. Rf3 Rg2 64. Qf5+ 1-0

[Event "Klatovy op-B 22nd"]
[Site "Klatovy"]
[Date "2016.07.07"]
[Round "6"]
[White "Kovarova, Oxana"]
[Black "Gorbunov, Artemiy"]
[Result "0-1"]
[WhiteElo "1759"]
[BlackElo "1671"]
[PlyCount "80"]
[EventDate "2016.07.02"]
[EventType "swiss"]
[EventRounds "9"]
[EventCountry "CZE"]
[SourceTitle "EXT 2019"]
[Source "ChessBase"]
[SourceDate "2018.10.10"]
[SourceVersion "1"]
[SourceVersionDate "2018.10.10"]
[SourceQuality "1"]

1. e4 d6 2. d4 Nf6 3. Bd3 Nbd7 4. Nf3 e5 5. c3 Be7 6. Nbd2 0-0 7. Nf1 c6 8. Ng3 Re8 9. 0-0 h6 10. h3 Nh7 11. Nf5 Bf8 12. Be3 Nb6 13. Ng3 Nf6 14. Nh2 Be6 15. b3 Be7 16. f4 exf4 17. Bxf4 Nh7 18. Qc2 Bg5 19. e5 Nf8 20. Bxg5 hxg5 21. exd6 Nd5 22. Rae1 Nf4 23. Ne4 Nxd3 24. Qxd3 Bd5 25. Rf5 f6 26. Ng4 Bxe4 27. Rxe4 Rxe4 28. Qxe4 Qxd6 29. Rf1 Qd7 30. Qf3 Re8 31. Ne3 Ng6 32. Qf5 Qf7 33. Nc4 Re6 34. Qa5 Nf4 35. Rf3 Re1+ 36. Rf1 Qe8 37. Qf5 Rxf1+ 38. Kh2 Qe1 39. Qc8+ Kh7 40. Qf5+ Kh6 0-1

[Event "Klatovy op-B 22nd"]
[Site "Klatovy"]
[Date "2016.07.02"]
[Round "1"]
[White "Ret, Adam Josef"]
[Black "Kovarova, Oxana"]
[Result "0-1"]
[WhiteElo "1427"]
[BlackElo "1759"]
[PlyCount "60"]
[EventDate "2016.07.02"]
[EventType "swiss"]
[EventRounds "9"]
[EventCountry "CZE"]
[SourceTitle "EXT 2019"]
[Source "ChessBase"]
[SourceDate "2018.10.10"]
[SourceVersion "1"]
[SourceVersionDate "2018.10.10"]
[SourceQuality "1"]

1. d4 f5 2. c4 e6 3. Nf3 Nf6 4. Nc3 Nc6 5. e3 Bb4 6. Bd3 d5 7. Qc2 Ne4 8. 0-0 0-0 9. a3 Bxc3 10. bxc3 Ne7 11. Bb2 Ng6 12. cxd5 exd5 13. c4 c6 14. Rac1 Be6 15. Rfd1 Nd6 16. cxd5 Bxd5 17. Ne5 Qg5 18. f4 Qh6 19. Nc4 Ne4 20. Nd2 Nd6 21. a4 Nh4 22. Bf1 Rf6 23. Nc4 Nxg2 24. Bxg2 Nxc4 25. Bxd5+ cxd5 26. Rd3 Qh3 27. e4 Rg6+ 28. Kh1 Ne3 29. Qe2 Rg2 30. Qh5 Rxh2+ 0-1